Be a successful property manager
| Main Author: | |
|---|---|
| Format: | Book |
| Language: | English |
| Published: |
New York :
McGrawHill ,
2006
|
| Subjects: |
MARC
| LEADER | 00000cam a2200000 7i4500 | ||
|---|---|---|---|
| 001 | 0000020093 | ||
| 005 | 20090107.0 | ||
| 008 | 081216s -us i eng | ||
| 020 | |a 0071473610 | ||
| 040 | |a INS | ||
| 090 | 0 | 0 | |a HD1394 |b W66 2006 |
| 100 | 1 | |a Woodson, R.Dodge | |
| 245 | 1 | 0 | |a Be a successful property manager |c R.Dodge Woodson |
| 260 | |a New York : |b McGrawHill , |c 2006 | ||
| 300 | |a xvii, 294p. ; |c 23cm. | ||
| 500 | |a Includes index | ||
| 650 | 0 | 0 | |a Landlord and tenant |
| 650 | 0 | 0 | |a Real estate management |
| 650 | 0 | 0 | |a Rental housing |x Management |
| 999 | |a 0000020397 |b BOOK |c Open Shelf |e Default branch | ||